| 000 | 01651nam a2200241 i 4500 | ||
|---|---|---|---|
| 003 | IT-RoINE | ||
| 005 | 20220301105441.0 | ||
| 008 | 110615s2021 sp af r 000 |dspa d | ||
| 020 | _a9788417930400 | ||
| 040 |
_aBUS _erda _cIT-RoINE _dIT-RoINE |
||
| 245 | 0 | 0 |
_aCon tan grande furia : _bescritos sobre Tintoretto, 1545-1780 / _cHumberto Huergo Cardoso |
| 246 | 3 | 0 | _aEscritos sobre Tintoretto, 1545-1780 |
| 260 |
_aMadrid : _bCasimiro, _c2021 |
||
| 300 |
_a286 p : _bil. ; _c21 cm |
||
| 336 |
_atexto _btxt [ _2rdacontent] |
||
| 337 |
_2rdamedia _aunmediated |
||
| 338 |
_2rdacarrier _avolume |
||
| 504 | _aObras citadas: p. [271]-286. | ||
| 520 | _aLos textos aquí reunidos -escritos sobre Tintoretto (1518-1594) entre la segunda mitad del siglo XVI y finales del siglo XVIII, algunos en español y otros traducidos del italiano y del francés- constituyen una auténtica anatomía del pintor veneciano. Ninguna de las preguntas que nos hacemos los Modernos ante la obra de Tintoretto es nueva: en qué consiste la "dificultad" de Tintoretto?, están acabados sus cuadros?, qué es una obra "acabada"?, qué lugar ocupa el azar en la producción artística? Tintoretto, borra o pinta? Es la suya una pintura de borrones, "hecha de un modo que se suele usar en Venecia, por así decir, confuso", como ya dijo Boschini en 1660? La antología incluye textos nunca antes traducidos al español de autores como Sansovino, Doni, Ridolfi, Roger de Piles o Cochin, así como extractos de la Memoria de Velázquez y de las apostillas del Greco | ||
| 600 | 0 | 0 |
_aTintoretto, _d1518-1594 _970948 |
| 700 |
_aHuergo Cardoso, Humberto _970949 |
||
| 942 | _cMTS | ||
| 999 |
_c36617 _d36617 |
||